000 00728nam a22001817a 4500
003 UA-OsUOA
001 7375
007 ta
008 20040617b un ||||| |||| 00| 0 ukr d
100 _aБородюк Н.
942 _cSA
040 _aUA-OsUOA
_cUA-OsUOA
_dUA-OsUOA
245 _aНе для " галочки ", а задля демократичного розвитку суспільства : " Круглий стіл " редакції газети " Урядовий кур'єр " та управління моніторингу Секретаріату Кабінету Міністрів
300 _aС.4-5
955 _a0
773 0 _w0
_tУрядовий кур"єр
_dКиїв
_d2004
_gN108
650 7 _2UDC
999 _c293536
_d293536